000 01318nam0a22002771 4500
001 rc\3484376
005 20260406012557.0
035 _a(NLR Aleph) 007603687
090 _a5741923
_c5741923
100 _a20130115d1973 |||y0rusy50 ca
101 0 _arus
102 _aRU
105 _ay z |||||
200 1 _aОрганизация и планирование материально-технического снабжения автомобильной промышленности СССР
_fМ-во автомоб. пром-сти СССР. Ин-т повышения квалификации руководящих работников и специалистов автомоб. пром-сти
210 _aМосква
_cБ. и.
_d1973
215 _a38 с.
_d21
300 _aПеред загл. авт.: Д.Т. Новиков, в конце текста - доц. Д.Т. Новиков
320 _aБиблиогр.: с. 37
333 _aДля служебного пользования. Экз. № 000006
700 1 _7ca
_8rus
_aНовиков
_bД. Т.
_cд-р экон. наук
_f1931-
_gДмитрий Тимофеевич
_9101013
_3RU\NLR\AUTH\77118088
801 0 _aRU
_bNLR
_gpsbo
801 1 _aRU
_bELAR
_2rusmarc
852 _aNLR
_j73-50к/3422
942 _cBOOK
980 _aNB